000 00532nam a2200181Ia 4500
003 OSt
005 20250408150726.0
008 211109s9999||||xx |||||||||||||| ||und||
040 _cSBCL
082 _a894.8122
_bKUM-M
100 _aKumaraPillai,Kainikkara
245 0 _aMohavum Mukthiyum
260 _bKamalalya Printing Works
_aThiruvananthapuram
_c1978
300 _a128P.
630 _xGENERAL STACK
650 _aLiterature & rhetoric
_vLiteratures of other languages
_xAltaic, Uralic, Hyperborean & Dravidian
942 _cBOOK
999 _c70848
_d70848